[Event "Charity Cup - Preliminari"]
[Site "Internet"]
[Date "22.03.2022"]
[Round "14"]
[White "Niemann, Hans Moke"]
[Black "Harikrishna, Pentala"]
[Result "1-0"]
[WhiteElo "2642"]
[BlackElo "2716"]
[EventDate "2022.03.19"]

1. c4 e5 2. Nc3 Bb4 3. Nd5 Be7 4. Nf3 d6 5. d4 c6 6. Nc3 exd4 7. Nxd4 Nf6
8. e4 O-O 9. Be2 Re8 10. O-O Bf8 11. Qc2 Na6 12. Re1 Nc5 13. Bf1 a5 14. Bf4
Qb6 15. Rad1 a4 16. h3 Bd7 17. Nf3 a3 18. b3 Qb4 19. Bd2 Qb6 20. Bf4 Qb4
21. Re3 Ne6 22. Bh2 Rad8 23. Qd2 Bc8 24. Nd5 Qxd2 25. Nxf6+ gxf6 26. Nxd2
Bh6 27. Rd3 Nc5 28. Rxd6 Bf8 29. Rxd8 Rxd8 30. Be2 Bh6 31. Nb1 Rxd1+ 32.
Bxd1 Nxe4 33. Bc2 f5 34. Be5 Bf8 35. Kf1 b5 36. f3 Ng5 37. cxb5 cxb5 38.
Nc3 b4 39. Nd5 Ba6+ 40. Ke1 f6 41. Bxf6 Ne6 42. Bxf5 Nc5 43. Nxb4 Bb5 44.
Bc3 h6 45. Kd2 Bf1 46. g3 Bd6 47. f4 Kf7 48. h4 Bg2 49. Ke3 h5 50. Nd3 Na6
51. Be4 Bf1 52. Ne5+ Ke7 53. Bd3 Bxe5 54. fxe5 Bxd3 55. Kxd3 Ke6 56. Kc4
Nc7 57. b4 Nd5 58. Bd4 Ne7 59. b5 Nf5 60. b6 Kd7 61. Bc5 1-0

[Event "Charity Cup - Preliminari"]
[Site "Internet"]
[Date "22.03.2022"]
[Round "14"]
[White "Ding Liren"]
[Black "Vidit Santosh Gujrathi"]
[Result "1/2-1/2"]
[WhiteElo "2799"]
[BlackElo "2723"]
[EventDate "2022.03.19"]

1. d4 Nf6 2. c4 e6 3. Nf3 d5 4. Nc3 a6 5. cxd5 exd5 6. Bg5 Be6 7. e3 Nbd7
8. Bd3 Bd6 9. h3 c6 10. Bf4 Qc7 11. Qd2 O-O 12. O-O Rfe8 13. Rfe1 Nh5 14.
Bxd6 Qxd6 15. e4 Qf4 16. exd5 Bxd5 17. Nxd5 cxd5 18. Qb4 Qc7 19. Rec1 Qb8
20. Rc2 Nf4 21. Bf1 Ne6 22. Rac1 g6 23. a4 Nf6 24. a5 Qa7 25. g3 Rad8 26.
h4 Ne4 27. Bh3 f5 28. h5 Qb8 29. Kg2 Rc8 30. Rxc8 Rxc8 31. Rxc8+ Qxc8 32.
Qe7 Qc2 33. Qxe6+ Kf8 34. Kh2 Qxf2+ 35. Bg2 Qxg3+ 36. Kg1 Qf2+ 37. Kh2 Qg3+
38. Kg1 Qf2+ 39. Kh2 Qg3+ 1/2-1/2

[Event "Charity Cup - Preliminari"]
[Site "Internet"]
[Date "22.03.2022"]
[Round "14"]
[White "Carlsen, Magnus"]
[Black "Ju Wenjun"]
[Result "1-0"]
[WhiteElo "2864"]
[BlackElo "2560"]
[EventDate "2022.03.19"]

1. e4 e5 2. Nf3 Nc6 3. Bb5 a6 4. Ba4 Nf6 5. O-O Bc5 6. c3 b5 7. Bb3 d6 8.
a4 Bb7 9. d3 O-O 10. Bg5 h6 11. Bh4 Rb8 12. axb5 axb5 13. Nbd2 Bc8 14. h3
Be6 15. Bd5 Bd7 16. b4 Bb6 17. Bb3 g5 18. Bg3 Nh5 19. Nxe5 Nxg3 20. Nxd7
Qxd7 21. Re1 d5 22. exd5 Ne7 23. Qg4 Ngf5 24. Rxe7 Qxe7 25. Qxf5 Kg7 26.
Ne4 Rbe8 27. d6 Qe5 28. g4 cxd6 29. Ra6 Bc7 30. Ra7 d5 31. Bxd5 Qxf5 32.
gxf5 Bf4 33. Nc5 Re1+ 34. Kg2 Kg8 35. Nd7 Re7 36. Nf6+ Kg7 37. Nh5+ 1-0

[Event "Charity Cup - Preliminari"]
[Site "Internet"]
[Date "22.03.2022"]
[Round "14"]
[White "Navara, David"]
[Black "Le Quang Liem"]
[Result "0-1"]
[WhiteElo "2700"]
[BlackElo "2709"]
[EventDate "2022.03.19"]

1. e4 e5 2. Nf3 Nc6 3. Bb5 a6 4. Ba4 Nf6 5. O-O b5 6. Bb3 Bc5 7. a4 Rb8 8.
c3 d6 9. d4 Bb6 10. a5 Ba7 11. h3 O-O 12. Be3 Ra8 13. Nbd2 h6 14. Qe2 Re8
15. Rfd1 Bd7 16. d5 Ne7 17. Bxa7 Rxa7 18. Qe3 Qb8 19. c4 c5 20. dxc6 Nxc6
21. c5 Be6 22. Bxe6 Rxe6 23. Nb3 Rd7 24. cxd6 Rexd6 25. Rxd6 Rxd6 26. Qb6
Nd7 27. Qxb8+ Ncxb8 28. Kf1 Kf8 29. Ke2 Ke7 30. Ne1 Rc6 31. Nd3 Rc2+ 32.
Kd1 Rc4 33. Nd2 Rd4 34. Ke2 Nc6 35. f3 Nb4 36. Nxb4 Rxb4 37. Kd3 Nc5+ 38.
Kc2 Rd4 39. Ra3 Kd6 40. Rc3 Ra4 41. Ra3 Rd4 42. Rc3 h5 43. h4 g6 44. Nb3
Nxb3 45. Rxb3 f5 46. Rd3 Kc5 47. exf5 gxf5 48. g3 e4 49. fxe4 fxe4 50. Rc3+
Kd5 51. g4 hxg4 52. h5 Ke5 53. h6 Rd7 54. Rc6 e3 55. h7 Rxh7 56. Kd3 g3 57.
Kxe3 Rg7 58. Rc1 g2 59. Kf2 g1=Q+ 60. Rxg1 Rxg1 61. Kxg1 Kd4 62. Kf2 Kd3
63. Kf3 b4 64. Kf4 b3 65. Ke5 Kc2 66. Kd5 Kxb2 67. Kc5 Ka3 68. Kb6 b2 0-1

[Event "Charity Cup - Preliminari"]
[Site "Internet"]
[Date "22.03.2022"]
[Round "14"]
[White "Rapport, Richard"]
[Black "Jones, Gawain"]
[Result "1/2-1/2"]
[WhiteElo "2762"]
[BlackElo "2672"]
[EventDate "2022.03.19"]

1. b3 Nf6 2. Bb2 g6 3. g3 Bg7 4. Bg2 O-O 5. c4 d6 6. e3 e5 7. Ne2 Re8 8.
O-O c6 9. d4 Qe7 10. Nbc3 h5 11. h3 Nbd7 12. Qc2 exd4 13. exd4 Nf8 14. Qd2
Bf5 15. d5 c5 16. Rfe1 Qd7 17. Kh2 a6 18. a4 Re7 19. Ng1 Rxe1 20. Rxe1 Re8
21. Rxe8 Qxe8 22. f3 Qe5 23. Nd1 Qe7 24. a5 N6h7 25. Bxg7 Kxg7 26. Ne2 Qe5
27. Kg1 Kg8 28. Kf2 Qa1 29. Ne3 Bc8 30. g4 hxg4 31. hxg4 Nd7 32. Qc3 Qb1
33. Ng3 Ndf6 34. Bf1 Qa2+ 35. Be2 Qb1 36. Bd3 Qa2+ 37. Bc2 Qa3 38. g5 Ne8
39. Ne4 Qc1 40. Kg2 Bf5 41. Nxf5 gxf5 42. Ng3 Ng7 43. f4 Nf8 44. Ne2 Qa3
45. Bb1 Ng6 46. Kf3 Nh4+ 47. Kf2 Ng6 48. Ke3 Kf8 49. Ng3 Ne7 50. Kd2 Kg8
51. Kc2 Ng6 52. Ne2 Nh5 53. Kd2 Nhxf4 54. Nxf4 Nxf4 55. Ke3 Ng6 56. Bxf5
Ne5 57. Bb1 Kf8 58. g6 fxg6 59. Bxg6 Ke7 60. Bc2 Qc1+ 61. Ke2 Qh1 62. Qg3
Kd8 63. Qg7 Qf3+ 64. Kd2 Qf4+ 65. Ke2 Qf3+ 66. Kd2 Qf4+ 67. Kd1 Qf1+ 68.
Kd2 Qf4+ 1/2-1/2

[Event "Charity Cup - Preliminari"]
[Site "Internet"]
[Date "22.03.2022"]
[Round "14"]
[White "Lei Tingjie"]
[Black "Anton, David"]
[Result "0-1"]
[WhiteElo "2535"]
[BlackElo "2694"]
[EventDate "2022.03.19"]

1. e4 c6 2. Nf3 d5 3. d3 Bg4 4. h3 Bh5 5. Qe2 e6 6. g4 Bg6 7. h4 h5 8. Ne5
Bh7 9. g5 Nd7 10. Nxf7 Kxf7 11. Qxh5+ g6 12. Qg4 Ne7 13. Bh3 Ke8 14. Nc3
Bg8 15. Bd2 Bg7 16. O-O-O Qb6 17. f4 Nc5 18. Rde1 d4 19. Nd1 Kd7 20. Qg3
Rf8 21. Bg4 Bf7 22. Ref1 a5 23. Qe1 Qa7 24. a3 b6 25. Rh2 Kd8 26. Nf2 Kc8
27. Nh1 Qa6 28. Ng3 Kb7 29. h5 gxh5 30. Bxh5 Qb5 31. Rfh1 Bg8 32. Bg4 Rxh2
33. Rxh2 Ng6 34. Ne2 Na4 35. b3 Nc5 36. a4 Nxd3+ 37. cxd3 Qxb3 38. Qd1 Qa3+
39. Kb1 e5 40. Qc2 exf4 41. Bf5 f3 42. Nf4 Nxf4 43. Bxf4 Qb4+ 44. Ka1 Bb3
45. Qc1 Qxa4+ 46. Kb1 Qb4 47. Rb2 a4 48. Bd7 Qc3 49. Qd2 Qxd2 0-1

[Event "Charity Cup - Preliminari"]
[Site "Internet"]
[Date "22.03.2022"]
[Round "14"]
[White "Praggnanandhaa, Rameshbabu"]
[Black "Van Foreest, Jorden"]
[Result "1-0"]
[WhiteElo "2619"]
[BlackElo "2714"]
[EventDate "2022.03.19"]

1. d4 Nf6 2. c4 g6 3. Nc3 d5 4. Nf3 Bg7 5. e3 O-O 6. cxd5 Nxd5 7. Bc4 Nb6
8. Bb3 c5 9. O-O cxd4 10. exd4 Nc6 11. d5 Na5 12. h3 Re8 13. Re1 Bf5 14. g4
Nxb3 15. axb3 Bd7 16. Bg5 h6 17. Bh4 g5 18. Bg3 f5 19. gxf5 Bxf5 20. Be5
Bxh3 21. Bxg7 Kxg7 22. Qd4+ e5 23. Rxe5 Kg8 24. Qe4 Kg7 25. Rxa7 Rxa7 26.
Rxe8 Qd6 27. Qd4+ Kf7 28. Qh8 Ra1+ 29. Ne1 Kg6 30. Rg8+ Kh5 31. Rxg5+ Kh4
32. Qd4+ Kxg5 33. Ne4+ 1-0

[Event "Charity Cup - Preliminari"]
[Site "Internet"]
[Date "22.03.2022"]
[Round "15"]
[White "Anton, David"]
[Black "Praggnanandhaa, Rameshbabu"]
[Result "1-0"]
[WhiteElo "2694"]
[BlackElo "2619"]
[EventDate "2022.03.19"]

1. d4 Nf6 2. Nf3 d5 3. e3 e6 4. Bd3 c5 5. b3 Nc6 6. O-O Bd6 7. Bb2 O-O 8.
a3 b6 9. dxc5 bxc5 10. c4 Rb8 11. Qc2 d4 12. exd4 Nxd4 13. Bxd4 cxd4 14. c5
Bc7 15. Re1 Re8 16. b4 e5 17. Nbd2 h6 18. Rac1 Nd5 19. Nc4 Nf4 20. Bh7+ Kf8
21. Be4 d3 22. Qd2 Ne2+ 23. Rxe2 dxe2 24. Qxe2 f5 25. Bc6 Re6 26. Rd1 Qf6
27. Bd5 Re7 28. g3 Bd7 29. Qb2 Ba4 30. Rd2 a6 31. Qc3 Rd8 32. h3 g5 33. Ne3
Kg7 34. Ba2 Rxd2 35. Nxd2 Bc6 36. Bb1 Rd7 37. Bxf5 Rd4 38. Qc2 e4 39. Bg4
Kh8 40. Be2 Rd8 41. Bf1 h5 42. Nxe4 Qe5 43. Bg2 Bxe4 44. Qxe4 Qxe4 45. Bxe4
Rd4 46. Bb7 Rd3 47. Bxa6 Rxa3 48. b5 Kg7 49. Nd5 Be5 50. c6 Ra1+ 51. Kg2
Rc1 52. Kf3 Kf7 53. Bc8 Rc5 54. Ke4 Bd6 55. Bd7 Rc4+ 56. Ke3 Rc5 57. Ke4
Rc4+ 58. Kf5 Rc5 59. Be6+ Ke8 60. Kg6 Kd8 61. Kxh5 Rxb5 62. Kxg5 Rc5 63. f4
Rxc6 64. g4 Ke8 65. h4 Kf8 66. f5 Be5 67. h5 Kg7 68. h6+ Kh7 69. Nf6+ Kh8
70. Kg6 Bf4 71. Ne4 Rc1 72. Ng5 Rc7 73. Nf7+ Rxf7 74. Bxf7 Bxh6 75. g5 Bf8
76. f6 Ba3 77. Bc4 Bc1 78. Kf5 Bb2 79. Ke6 Kg8 80. Ke7+ Kh8 81. Kf7 Bc3 82.
Bf1 Bb2 83. g6 1-0

[Event "Charity Cup - Preliminari"]
[Site "Internet"]
[Date "22.03.2022"]
[Round "15"]
[White "Jones, Gawain"]
[Black "Lei Tingjie"]
[Result "1-0"]
[WhiteElo "2672"]
[BlackElo "2535"]
[EventDate "2022.03.19"]

1. e4 e5 2. Nf3 Nc6 3. Bc4 Nf6 4. d4 exd4 5. e5 d5 6. Bb5 Ne4 7. Nxd4 Bc5
8. Be3 O-O 9. Nxc6 bxc6 10. Bxc5 Nxc5 11. Bxc6 Rb8 12. Qxd5 Qe7 13. O-O
Rxb2 14. Nc3 Be6 15. Qd2 Rd8 16. Qc1 Rdb8 17. Re1 Qh4 18. Qe3 Qc4 19. Rac1
R2b6 20. Bf3 Na4 21. Ne4 Qxa2 22. Red1 Nb2 23. Re1 Nc4 24. Qd4 Na3 25. Red1
Rf8 26. Qc5 Nc4 27. Nf6+ gxf6 28. exf6 h6 29. Qxf8+ 1-0

[Event "Charity Cup - Preliminari"]
[Site "Internet"]
[Date "22.03.2022"]
[Round "15"]
[White "Le Quang Liem"]
[Black "Rapport, Richard"]
[Result "1/2-1/2"]
[WhiteElo "2709"]
[BlackElo "2762"]
[EventDate "2022.03.19"]

1. d4 Nf6 2. Nf3 d6 3. c4 g6 4. Nc3 Bg7 5. e4 O-O 6. Be2 e5 7. dxe5 dxe5 8.
Qxd8 Rxd8 9. Nd5 Ne8 10. Bg5 f6 11. Be3 Be6 12. O-O-O Kf7 13. c5 c6 14. Nc3
Nd7 15. Rd2 Nc7 16. Rhd1 Ke8 17. b3 Bf7 18. Na4 Bf8 19. g3 Ne6 20. Bc4 Be7
21. h4 Rab8 22. Ne1 b5 23. cxb6 axb6 24. Nd3 Nd4 25. Bxf7+ Kxf7 26. f4 b5
27. Nc3 Ba3+ 28. Kb1 c5 29. fxe5 fxe5 30. Nd5 Ke6 31. b4 Rbc8 32. Bxd4 cxd4
33. Rc2 Kd6 34. Rxc8 Rxc8 35. Ne1 Rf8 36. Kc2 Rf2+ 37. Kb3 Re2 38. Nc2 Bxb4
39. Ndxb4 Nc5+ 40. Kb2 Nxe4 41. Re1 Nxg3 42. Rxe2 Nxe2 43. Na3 e4 44. Kc2
h6 45. Kd2 Nc3 46. Nac2 Kc5 47. Nxd4 Nxa2 48. Nbc2 b4 49. Ke3 Nc3 50. Nb3+
Kb5 51. Kd4 g5 52. hxg5 hxg5 53. Nd2 g4 54. Nxe4 Nxe4 55. Kxe4 g3 56. Kf3
g2 57. Kxg2 b3 58. Nd4+ Kc4 59. Nxb3 1/2-1/2

[Event "Charity Cup - Preliminari"]
[Site "Internet"]
[Date "22.03.2022"]
[Round "15"]
[White "Ju Wenjun"]
[Black "Navara, David"]
[Result "0-1"]
[WhiteElo "2560"]
[BlackElo "2700"]
[EventDate "2022.03.19"]

1. d4 Nf6 2. c4 e6 3. g3 c5 4. d5 exd5 5. cxd5 d6 6. Nc3 g6 7. Bg2 Bg7 8.
Nf3 O-O 9. O-O Re8 10. Re1 a6 11. a4 Nbd7 12. Bf4 Ng4 13. a5 Nde5 14. Ne4
h6 15. h3 Nxf3+ 16. exf3 Ne5 17. h4 Bf5 18. b3 Bxe4 19. fxe4 g5 20. hxg5
hxg5 21. Be3 g4 22. Ra2 Qf6 23. Bf4 Qg6 24. f3 Qh5 25. Bxe5 Bxe5 26. fxg4
Qh6 27. Qf3 Kg7 28. Kf1 Rh8 29. Ke2 Qg6 30. Kd3 Rh2 31. Rh1 Rah8 32. Rxh2
Rxh2 33. Rf2 f6 34. Rf1 Qe8 35. g5 Qb5+ 36. Kc2 Qxa5 37. gxf6+ Kf8 38. Rf2
Qa2+ 39. Kd1 Qb1+ 40. Ke2 Qc2+ 41. Kf1 Qc1+ 42. Ke2 Bd4 0-1

[Event "Charity Cup - Preliminari"]
[Site "Internet"]
[Date "22.03.2022"]
[Round "15"]
[White "Vidit Santosh Gujrathi"]
[Black "Carlsen, Magnus"]
[Result "1/2-1/2"]
[WhiteElo "2723"]
[BlackElo "2864"]
[EventDate "2022.03.19"]

1. d4 Nf6 2. c4 g6 3. Nc3 d5 4. Nf3 Bg7 5. h4 c6 6. cxd5 cxd5 7. Bf4 O-O 8.
Qb3 Nc6 9. e3 a6 10. Rc1 Na5 11. Qa3 Nc4 12. Qb4 b5 13. b3 Nd6 14. Qa3 Bf5
15. Be2 Qb6 16. Qb2 Rfc8 17. O-O Rc7 18. Be5 e6 19. a4 Nfe8 20. axb5 axb5
21. Na2 Bg4 22. Nb4 Bxf3 23. Bxf3 Bxe5 24. dxe5 Nf5 25. g3 Rac8 26. Kg2 d4
27. e4 Ne7 28. Rxc7 Rxc7 29. Ra1 Qc5 30. Nd3 Qc3 31. Qb1 Nc6 32. Ra8 Kf8
33. h5 Ra7 34. Rxa7 Nxa7 35. Be2 Nc6 36. Qa2 Nc7 37. Qa3+ b4 38. Qa4 Ke7
39. h6 Kd8 40. Bf1 Kc8 41. Qa2 Kd7 42. Qe2 Ke7 43. Qg4 Ne8 44. Qd1 Nc7 45.
Qg4 Ne8 46. Qg5+ Kf8 47. Qf4 Ke7 48. Nc1 Qc5 49. Nd3 Qc3 50. Qg5+ Kf8 51.
Be2 Qxb3 52. Nc5 Qc2 53. Nd7+ Kg8 54. Bb5 Qxe4+ 55. Kh2 f6 56. exf6 Qf5 57.
Qxf5 gxf5 58. Bxc6 b3 59. Nc5 Nxf6 60. Nxb3 e5 61. Kg2 Kf7 62. f4 d3 63.
fxe5 Ng4 64. Bd5+ Kg6 65. Kf3 Nxe5+ 66. Kf4 Kf6 67. Bg8 Ng6+ 68. Ke3 Nf8
69. Nd4 Kg6 70. Kxd3 Kxh6 71. Ke3 Kg5 72. Be6 Nxe6 73. Nxe6+ Kg4 74. Kf2 h5
75. Nd4 h4 76. gxh4 Kxh4 77. Nxf5+ 1/2-1/2